LEADER 01104nam2-2200385---450- 001 990001317970203316 005 20031223141202.0 035 $a000131797 035 $aUSA01000131797 035 $a(ALEPH)000131797USA01 035 $a000131797 100 $a20031223d1966----km-y0itay0103----ba 101 0 $aeng 102 $aGB 105 $a||||||||001yy 200 1 $aTimaeus ; Critias ; Cleitophon ; Menexenus ; Epistles$fPlato$gwith an English translation by R. G. Bury 210 $aLondon$cHeinemann$d1966 215 $a630$d17 cm. 225 2 $a<> Loeb classical library 300 $aTesto orig. a fronte 410 0$12001$a<> Loeb classical library 454 1$12001 461 1$1001000131789$12001$aPlato 676 $a184 700 1$aPLATO$0292329 702 1$aBURY$bR. G. 801 0$aIT$bsalbc$gISBD 912 $a990001317970203316 951 $aVIII A 63/105$b37553 L.M.$cVIII A 959 $aBK 969 $aUMA 979 $aSIAV4$b10$c20031223$lUSA01$h1412 979 $aPATRY$b90$c20040406$lUSA01$h1733 996 $aClitophon$919164 997 $aUNISA LEADER 01419cam0-2200469---450- 001 990000086460203316 005 20051128182547.0 035 $a0008646 035 $aUSA010008646 035 $a(ALEPH)000008646USA01 035 $a0008646 100 $a20000914d1996----|||y0itay0103----ba 101 0 $aita 102 $aIT 105 $aa---||||001yy 200 1 $a<> polverificio borbonico di Scafati$ee la rettifica del basso corso del Sarno$fAngelo Pesce 210 $aScafati$cGiglio$d1996 215 $a255 p.$cill.$d34 cm 300 $aSeguono : Appendici 610 $aScavi archeologici Scafati 676 $a937.7 700 1$aPESCE,$bAngelo$0450747 801 $aIT$bSALBC$gISBD 912 $a990000086460203316 951 $aXV.1.A. 971(V G 1001)$b142813 L.M.$cV G$d00000324 959 $aBK 979 $c20000914$lUSA01$h1739 979 $c20001019$lUSA01$h1056 979 $c20001019$lUSA01$h1454 979 $c20001019$lUSA01$h1501 979 $c20001019$lUSA01$h1539 979 $c20001024$lUSA01$h1515 979 $c20001027$lUSA01$h1519 979 $c20001027$lUSA01$h1523 979 $c20001110$lUSA01$h1710 979 $c20001124$lUSA01$h1208 979 $c20020403$lUSA01$h1616 979 $aPATRY$b90$c20040406$lUSA01$h1607 979 $aCOPAT6$b90$c20051128$lUSA01$h1825 996 $aPolverificio borbonico di Scafati$9963935 997 $aUNISA bas $auma